Name the Percussion Instrument - Statistics

General Stats
  • This quiz has been taken 52 times
  • The average score is 10 of 16
Answer Stats
Picture Answer % Correct
Maracas
95%
Bongo
93%
Triangle
90%
Xylophone
90%
Marimba
85%
Timpani
85%
Bass Drum
73%
Steelpan
65%
Vibraphone
65%
Castanets
58%
Vibraslap
55%
Tenor
50%
Cabasa
38%
Crotales
38%
Rainstick
35%
Ratchet
35%
No matching quizzes found
Score Distribution
Percent of People with Each Score
Percentile by Number Answered
Your Score History
You have not taken this quiz